Shortest Away Journeys in European Football 2025/2026 - Statistics

General Stats
  • This quiz has been taken 7 times
  • The average score is 23 of 107
Answer Stats
Country Distance (miles) Clubs % Correct
Belgium 2.9 Royal Sporting Club Anderlecht
100%
France 0.1 Paris FC
86%
France 0.1 Paris Saint Germain
86%
England 2 Chelsea
71%
Scotland 0.1 Dundee
71%
Italy 5.8 Juventus
71%
Serbia 0.5 Red Star Belgrade
71%
Czechia 0.8 SK Slavia Prague
71%
Portugal 2.7 Sporting
71%
Italy 5.8 Torino
71%
Spain 5.7 Atletico Madrid
57%
Portugal 2.7 Benfica
57%
Bulgaria 2.5 CSKA Sofia
57%
Croatia 11 Dinamo Zagreb
57%
Scotland 0.1 Dundee United
57%
Belarus 3.4 FC Minsk
57%
Hungary 2.2 Ferencvaros
57%
Netherlands 3.7 Feyenoord
57%
Bosnia 3 FK Sarajevo
57%
Germany 4.2 Hamburg
57%
Israel 15 Maccabi Tel-Aviv
57%
Denmark 15 FC Copenhagen
43%
Germany 4.2 FC St Pauli
43%
Switzerland 15.7 FC Zurich
43%
England 2 Fulham
43%
Israel 15 Hapoel Tel-Aviv
43%
Bulgaria 2.5 Levski Sofia
43%
Serbia 0.5 Partizan Belgrade
43%
Latvia 2.4 Riga
43%
Slovakia 33.8 Slovan Bratislava
43%
Cyprus 2.5 AEK Larnaca
29%
Greece 1.3 Aris
29%
Belarus 3.4 Dinamo Minsk
29%
Estonia 3.2 FC Flora
29%
Switzerland 15.7 Grasshopper Club Zurich
29%
Finland 4.7 HJK Helsinki
29%
Turkey 3.6 Kasimpasa
29%
Austria 3.2 Linzer Athletik-Sport-Klub
29%
Croatia 11 Lokomotiva Zagreb
29%
Azerbaijan 6.3 Neftçi Peşəkar Futbol Klubu
29%
Slovenia 6.4 Olimpija Ljubljana
29%
Greece 1.3 PAOK
29%
Belgium 2.9 Royale Union Saint-Gilloise
29%
Denmark 15 Brondby IF
14%
Northern Ireland 2.1 Cliftonville
14%
Northern Ireland 2.1 Crusaders
14%
Russia 3.6 CSKA Moscow
14%
Netherlands 3.7 Excelsior
14%
Estonia 3.2 FCI Levadia
14%
Sweden 3.6 Idrottsföreningen Kamraterna Göteborg
14%
Albania 7.3 KF Tirana
14%
Armenia 2.9 Pyunik
14%
Spain 5.7 Rayo Vallecano
14%
Iceland 2.3 Vikingur
14%
Montenegro 6.5 Arsenal Tivat
0%
Faroe Islands 1.4 B68 Toftir
0%
Wales 12 Barry Town United
0%
Sweden 3.6 BK Hacken
0%
Ireland 1.6 Bohemians
0%
Czechia 0.8 Bohemians 1905
0%
Slovenia 6.4 Bravo
0%
Wales 12 Cardiff Metropolitan University
0%
Moldova 8.6 Dacia Buiucani
0%
Romania 1.4 Dinamo Bucharest
0%
Georgia 4.5 Dinamo Tblisi
0%
Slovenia 6.4 Domzale
0%
Russia 3.6 Dynamo Moscow
0%
Turkey 3.6 Eyupspor
0%
Austria 3.2 FC Blau-Weiss Linz
0%
Belarus 3.4 FC Isloch Minsk Raion
0%
Luxembourg 2.3 FC Rodange 91
0%
Switzerland 15.7 FC Winterthur
0%
Montenegro 6.5 FK Bokelj
0%
Albania 7.3 FK Partizani Tirana
0%
Bosnia 3 FK Željezničar Sarajevo
0%
Iceland 2.3 Fram
0%
Poland 4.8 Gornik Zabrze
0%
Sweden 3.6 Göteborgs Atlet- och Idrottssällskap
0%
Israel 15 Hapoel Petah-Tikva
0%
Lithuania 8.2 Hegelmann
0%
Croatia 11 HNK Gorica
0%
Georgia 4.5 Iberia 1999
0%
Finland 4.7 IF Gnistan
0%
Lithuania 8.2 Kauno Zalgiris
0%
Norway 3.9 KFUM Oslo
0%
Latvia 2.4 Metta
0%
Hungary 2.2 MTK Budapest
0%
Faroe Islands 1.4 NSI Runavik
0%
Cyprus 2.5 Omonia Aradippou
0%
Kazhakstan 97.5 Ordabasy
0%
Poland 4.8 Piast Gliwice
0%
Kosovo 4.1 Prishtina
0%
Kosovo 4.1 Prishtina e Re
0%
Azerbaijan 6.3 Qarabag FK
0%
North Macedonia 2.4 Rabotnichki
0%
Slovenia 6.4 Radomilje
0%
Romania 1.4 Rapid Bucharest
0%
Ireland 1.6 Shelbourne
0%
North Macedonia 2.4 Shkupi
0%
Slovakia 33.8 Spartak Trnava
0%
Estonia 3.2 Tallinna Kalev
0%
Kazhakstan 97.5 Turan
0%
Luxembourg 2.3 Union Titus Petange
0%
Armenia 2.9 Urartu
0%
Norway 3.9 Valerenga
0%
North Macedonia 2.4 Vardar
0%
Moldova 8.6 Zimbru
0%
No matching quizzes found
Score Distribution
Percent of People with Each Score
Percentile by Number Answered
Your Score History
You have not taken this quiz